Гидрология, метеорология и климатология: гидрологические расчеты: учебное пособие

Xehetasun bibliografikoak
Egile nagusia: Савичев О. Г. Олег Геннадьевич
Erakunde egilea: Национальный исследовательский Томский политехнический университет (ТПУ)
Gaia:В пособии рассмотрены задачи гидрологических расчетов, являющихся важной составной частью гидрологии. Изложены методы расчета характеристик водного, твердого и гидрохимического стока и режима при наличии, недостаточности и отсутствии данных наблюдений. Приведены сведения об этапах анализа условий формирования стока и нормативно-правовых документах, регламентирующих гидрологические расчеты. Предназначено для студентов вузов, обучающихся по направлению 280100 "Природообустройство и водопользование", и специалистов в области природообустройства, водного хозяйства, гидрологии, гидрогеологии, гидрохимии, геоэкологии.
Hizkuntza:errusiera
Argitaratua: Томск, Изд-во ТПУ, 2011
Gaiak:
Formatua: MixedMaterials Liburua
KOHA link:https://koha.lib.tpu.ru/cgi-bin/koha/opac-detail.pl?biblionumber=206672

MARC

LEADER 00000nam0a2200000 4500
001 206672
005 20231216124135.0
010 |a 9785982989369 
035 |a (RuTPU)RU\TPU\book\225353 
090 |a 206672 
100 |a 20120116d2011 m y0rusy50 ca 
101 0 |a rus 
102 |a RU 
105 |a a j 001zy 
200 1 |a Гидрология, метеорология и климатология: гидрологические расчеты  |e учебное пособие  |f О. Г. Савичев  |g Национальный исследовательский Томский политехнический университет (ТПУ) 
210 |a Томск  |c Изд-во ТПУ  |d 2011 
215 |a 224 с.  |c ил. 
320 |a Библиогр.: с. 201-208. 
330 |a В пособии рассмотрены задачи гидрологических расчетов, являющихся важной составной частью гидрологии. Изложены методы расчета характеристик водного, твердого и гидрохимического стока и режима при наличии, недостаточности и отсутствии данных наблюдений. Приведены сведения об этапах анализа условий формирования стока и нормативно-правовых документах, регламентирующих гидрологические расчеты. Предназначено для студентов вузов, обучающихся по направлению 280100 "Природообустройство и водопользование", и специалистов в области природообустройства, водного хозяйства, гидрологии, гидрогеологии, гидрохимии, геоэкологии. 
606 1 |a Гидрологические расчеты  |2 stltpush  |3 (RuTPU)RU\TPU\subj\71307  |9 85268 
610 1 |a гидрология 
610 1 |a метеорология 
610 1 |a климатология 
610 1 |a геосток 
610 1 |a водный сток 
610 1 |a водные объекты 
610 1 |a внутригодовое распределение 
610 1 |a вода 
610 1 |a движение 
610 1 |a водотоки 
610 1 |a водоемы 
610 1 |a уровни 
610 1 |a ледовый режим 
610 1 |a водно-балансовые расчеты 
610 1 |a твердый сток 
610 1 |a русловые деформации 
610 1 |a гидрохимические расчеты 
610 1 |a учебные пособия 
610 1 |a труды учёных ТПУ 
675 |a 556.04(075.8)  |v 3 
700 1 |a Савичев  |b О. Г.  |c геолог  |c профессор Томского политехнического университета, доктор географических наук  |f 1967-  |g Олег Геннадьевич  |3 (RuTPU)RU\TPU\pers\25454  |9 11394 
712 0 2 |a Национальный исследовательский Томский политехнический университет (ТПУ)  |c (2009- )  |3 (RuTPU)RU\TPU\col\15902 
801 1 |a RU  |b 63413507  |c 20120116 
801 2 |a RU  |b 63413507  |c 20150415  |g RCR 
942 |c BK